Welcome to the Holygrace Academy Library

Please use search bar below to get started

BABILONILE ATHISAMBANNAN (Record no. 8765)

MARC details
000 -LEADER
fixed length control field 00366nam a22001457a 4500
082 ## - DEWEY DECIMAL CLASSIFICATION NUMBER
Classification number 158
Item number CLA/R
100 ## - MAIN ENTRY--AUTHOR NAME
Personal name CLASON, GEORGE S
245 ## - TITLE STATEMENT
Title BABILONILE ATHISAMBANNAN
246 ## - VARYING FORM OF TITLE
Title proper/short title BABILONILE ATHISAMBANNAN
Remainder of title BABILONILE ATHISAMBANNAN
260 ## - PUBLICATION, DISTRIBUTION, ETC. (IMPRINT)
Place of publication INDIA
Name of publisher RED ROSE
300 ## - PHYSICAL DESCRIPTION
Number of Pages 174
520 ## - SUMMARY, ETC.
Summary, etc MOTIVATIONAL
650 ## - SUBJECT ADDED ENTRY--TOPICAL TERM
Topical Term MALAYALAM MOTIVATIONAL BOOK
942 ## - ADDED ENTRY ELEMENTS (KOHA)
Koha item type Books
Holdings
Withdrawn status Lost status Collection code Home library Current library Shelving location Date acquired Source of acquisition Cost, normal purchase price Full call number Accession Number Koha item type
    Non-fiction Main Library Main Library NEW SHELF WITH NEW ENTRY 06/05/2024 PURCHASED 140.00 158 CLA/R 13618 Books